000 00705nam a2200229 i 4500
003 DO-SdBNP
005 20250721094055.0
007 ta
008 250721b1987 dr ||||| |||| 00| 0 spa d
040 _aDO-SdBNP
_bspa
_cBNPHU
_erda
041 _aspa
082 4 _axxx
_bxxx
_222
245 1 0 _aBajo la sombra del guayacán :
_bpoemas y escritos /
_cAna Ortíz vda. Scheker ; presentación, Juan Bosch
264 1 _aSanto Domingo :
_bEdiciones Populares COSAS,
_c1987.
300 _a193 páginas ;
_c21 cm.
336 _atexto
_btxt
_2rdacontent
337 _asin mediación
_bn
_2rdamedia
338 _avolumen
_bnc
_2rdacarrier
590 _aInventariado, 2025/BT
910 _aBtavárez
942 _2ddc
_cLBS1
999 _c59585
_d59585